000 00494nam a2200145 a 4500
001 000045044
005 20201002045829.0
008 150130s2001 xxua 000 p spa d
040 _aDO-SdBNP
_bspa
_cBNPHU
100 1 _aHidalgo, Enrique
_973040
245 1 0 _aAntología de poesía para niños :
_b(1973-1998) /
_cEnrique Hidalgo.
260 _aFlorida :
_bArista Graphics,
_c2001.
300 _a53 p. :
_bil. ;
_c28 cm.
500 _aIncluye datos biografícos del autor en la contraportada del libro
999 _c44533
_d44533